| 000 | 00362nam a2200145Ia 4500 | ||
|---|---|---|---|
| 008 | 230917s9999||||xx |||||||||||||| ||und|| | ||
| 040 |
_e132177 _aMAIN |
||
| 041 | _aEnglish | ||
| 082 | _a355.00954 M432D | ||
| 100 | _aMathews, Ron | ||
| 245 | 0 | _aDefence production in India | |
| 260 |
_aNew Delhi _bABC Publishing House _c1989 |
||
| 300 | _a127 p. | ||
| 942 | _cBK | ||
| 999 |
_c64608 _d64608 |
||